| 000 | 00561nam a22001937a 4500 | ||
|---|---|---|---|
| 999 |
_c174984 _d174984 |
||
| 005 | 20200730155229.0 | ||
| 010 | _aENG-128249 | ||
| 020 |
_c995.00 _a9789382544210 |
||
| 035 | _aEN-111781 | ||
| 037 | _bDBAD/PUB | ||
| 082 | _a921 | ||
| 245 |
_aMadhav Sadashiv Golwalkar/ _cedited by Sanjay Kumar Singh |
||
| 260 |
_aDelhi _bIsha Gyandeep |
||
| 270 |
_aAD/77A, Shalimar Bagh _bDelhi _e110088 |
||
| 300 |
_a212p. _c23cm(hb) |
||
| 500 | _aincludes Bibliographical references | ||
| 700 | _aSanjay Kumar Singh | ||
| 942 |
_2ddc _cEN _h921 _mMAD |
||